| 000 | 01013cab a2200277 4500 | ||
|---|---|---|---|
| 001 | ABS56738 | ||
| 008 | 090401t1997 xxu||||| |||| 00| 0 eng d | ||
| 035 | _a(Sirsi) u77153 | ||
| 041 | _aeng | ||
| 100 | _aCodd, M. | ||
| 245 | _aLandlords : do you want to be reasonable? | ||
| 260 | _c1997 | ||
| 350 | _a0 | ||
| 490 |
_aSolicitors` Journal _v179(2) 28 February 1997, 178-179(2) |
||
| 520 | _aExamines three cases involving the question of whether the landlord was acting reasonably on a tenant`s application to assign or underlet. | ||
| 650 | _aASSIGNMENT OF LEASES | ||
| 650 | _aBLOCKBUSTER ENTERTAINMENT LTD V LEAKCLIFF PROPERTIES LTD | ||
| 650 | _aLANDLORD AND TENANT ACT 1927 S19 | ||
| 650 | _aLANDLORD AND TENANT COVENANTS ACT 1995 | ||
| 650 | _aREASONABLENESS | ||
| 650 | _aROUX RESTAURANTS LTD V JAISON PROPERTY DEVELOPMENT CO LTD | ||
| 650 | _aSTRAUDLEY INVESTMENTS LTD V MOUNT EDEN LAND LTD | ||
| 690 | _aLANDLORD AND TENANT-BUSINESS TENANCIES | ||
| 942 | _n0 | ||
| 948 | _c17/03/1997 | ||
| 999 |
_c48492 _d48492 |
||